000
00303nam a2200133 a 4500
001
4562
003
CDMR
005
20130116135258.0
008
130130s2007||||||||||||||||||||||||||||d
040
_a
CDMR
_b
cat
_c
CPC GIRONA
245
0
_a
Fita
_b
El traƧ del dit
260
_c
2007
_b
Fundació Fita
942
_c
MON
999
_c
4562
_d
4562